01194 a2200193 45000010006000000050017000060080041000230030015000640400040000790800083001192450099002020200022003012640073003233000019003965050399004151000028008147000031008428560127008732827920260407155555.0260407a2014 arg spa dAR-UNSa-BCEJYS aAR-UNSa-BCEJYSbspacAR-UNSa-BCEJYS a338.45xIndustria como sector económico. Producción comercial, industrial 10aLa industria azucarera en SaltapAgronegocios, concentración económica e impacto ambiental a798-987-633-104-3 1aSalta :bEUNSa (Editorial de la Universidad Nacional de Salta)c2014 a352 p.c23 cm. a1. Caña de azucar - 2. Mercado nacional-local del azúcar - 3. Agronegocios - 4. El complejo agroindustrial azucarero - 5. Competitividad a partir de elaboración de biocombustibles - 6. Biocombustibles - 7. La renta del suelo en la producción agrícola - 8. El negocio agro energético, la cogeneración - 9. Impacto ambiental de la producción y procesamiento de la caña de azucar1 aMoreno, César Gabriel1 aSerrano, Toribio Alejandro41uhttps://biblioeco.unsa.edu.ar/pmb/images/libros/La Industria Azucarera en Salta-l125006.jpgyImagen de portadaqimage/jpeg